Statistiques concernant Les vainqueurs de grand prix de Formule 1

Cliquez ici pour prendre le quiz!

Statistiques générales

  • Ce quiz a été pris 6 079 fois
    (5 711 depuis la dernière actualisation)
  • Le résultat moyen est 35 sur 110

Statistiques - réponses

NationalitéPériode(s)Nb. de victoirePilote% Correct
Britannique2007-95Lewis Hamilton
100%
Allemand1991-2006 ; 2010-201291Michael Schumacher
97%
Allemand1997-20076Ralf Schumacher
97%
Allemand2007-53Sebastian Vettel
97%
Espagnol2001 ; 2003-201832Fernando Alonso
96%
Français1980-1991 ; 199351Alain Prost
95%
Brésilien1984-199441Ayrton Senna
95%
Néerlandais2015-9Max Verstappen
88%
Français2017-1Pierre Gasly
84%
Finlandais2001-2009 ; 2012-21Kimi Räikkönen
83%
Finlandais1978-19865Keke Rosberg
80%
Allemand2006-201623Nico Rosberg
80%
Monégasque2018-2Charles Leclerc
78%
Australien2011-7Daniel Ricciardo
78%
Autrichien1971-1979 ; 1982-198525Niki Lauda
78%
Canadien1977-19826Gilles Villeneuve
77%
Canadien1996-200611Jacques Villeneuve
77%
Finlandais2013-9Valtteri Bottas
77%
Mexicain2011-1Sergio Pérez
76%
Argentin1950-1951 ; 1953-195824Juan Manuel Fangio
73%
Britannique2000-201715Jenson Button
71%
Finlandais1991-200120Mika Häkkinen
69%
Britannique1992-199922Damon Hill
65%
Britannique1958-197514Graham Hill
65%
Américain1958-19643Phil Hill
65%
Allemand1973-19821Jochen Mass
60%
Brésilien1978-199123Nelson Piquet
58%
Britannique1980-1992 ; 1994-199531Nigel Mansell
53%
Italien1950-195513Alberto Ascari
51%
Australien2002-20139Mark Webber
51%
Brésilien1970-198014Emerson Fittipaldi
49%
Brésilien2002 ; 2004-201711Felipe Massa
46%
Britannique1965-197327Jackie Stewart
46%
Britannique1973-197910James Hunt
44%
Français1989-20011Jean Alesi
42%
Français1994-1999 ; 2001-20041Olivier Panis
39%
Vénézuélien2011-20151Pastor Maldonado
39%
Brésilien1993-200111Rubens Barrichello
39%
Italien1950-19555Giuseppe Farina
37%
Polonais2006-2010 ; 20191Robert Kubica
37%
Britannique1960-196825Jim Clark
36%
Australien1955-197014Jack Brabham
35%
Colombien2001-20067Juan Pablo Montoya
34%
Américain1968-1972 ; 1974-198212Mario Andretti
33%
Britannique1994-200813David Coulthard
32%
Sud-Africain1972-198010Jody Scheckter
29%
Belge1966-19798Jacky Ickx
28%
Australien1975-1981 ; 1983 ; 1985-198612Alan Jones
24%
Autrichien1964-19706Jochen Rindt
24%
Français1974-19866Jacques Laffite
23%
Néo-Zélandais1965-19748Denny Hulme
21%
Italien1996-20093Giancarlo Fisichella
21%
Italien1997-20111Jarno Trulli
21%
Français1978-19897René Arnoux
21%
Britannique1951-196116Stirling Moss
21%
Néo-Zélandais1959-19704Bruce McLaren
20%
Britannique1960-19726John Surtees
20%
Finlandais2007-20121Heikki Kovalainen
19%
Français1978-19823Didier Pironi
18%
Britannique1952-19583Mike Hawthorn
18%
Autrichien1984-199710Gerhard Berger
17%
Français1975-19812Jean-Pierre Jabouille
17%
Français1970-19731François Cevert
14%
Suisse1970-19805Clay Regazzoni
13%
Français1950-19642Maurice Trintignant
13%
Suèdois1970-197810Ronnie Peterson
13%
Britannique1993-20024Eddie Irvine
12%
Français1977-19862Patrick Tambay
12%
Argentin1972-198212Carlos Reutemann
11%
Allemand1994-20033Heinz-Harald Frentzen
11%
Italien1977-19936Riccardo Patrese
11%
Français1967-19741Jean-Pierre Beltoise
9%
Français1972-19802Patrick Depailler
9%
Belge1983-19933Thierry Boutsen
9%
Mexicain1963-19712Pedro Rodríguez
8%
Italien1981-19945Michele Alboreto
7%
Britannique1989-20003Johnny Herbert
6%
Italien1979-19862Elio De Angelis
5%
Allemand1957-19612Wolfgang von Trips
5%
Brésilien1972-19771Carlos Pace
4%
Britannique1973-1983 ; 19855John Watson
4%
Argentin1950-1957 ; 19602José Froilán González
4%
Suisse1962-19712Joseph Siffert
4%
Britannique1956-19616Tony Brooks
4%
Italien1986-19901Alessandro Nannini
3%
Américain1959-19704Dan Gurney
3%
Italien1961-19671Lorenzo Bandini
3%
Britannique1952-19583Peter Collins
3%
Américain1951-19552Bill Vukovich
2%
Italien1961-19671Giancarlo Baghetti
2%
Suèdois1976-19771Gunar Nilsson
2%
Suèdois1956-19711Joakim Bonnier
2%
Italien1963-19681Ludovico Scarfiotti
2%
Italien1950-19511Luigi Fagioli
2%
Italien1953-19581Luigi Musso
2%
Britannique1970-19741Peter Gethin
2%
Américain1964 ; 1971-19742Peter Revson
2%
Italien1950-19561Piero Taruffi
2%
Américain1960-19661Richie Ginther
2%
Italien1974-19801Vittorio Brambilla
2%
Américain1952-19561Bob Sweikert
1%
Britannique1959-19661Innes Ireland
1%
Américain1952-19601Jimmy Bryan
1%
Américain1950-19601Jim Rathmann
1%
Américain1950-19581Johnnie Parsons
1%
Américain1950-19511Lee Wallard
1%
Américain1950-19591Pat Flaherty
1%
Américain1951-19631Rodger Ward
1%
Américain1950-19571Sam Hanks
1%
Américain1950-19601Troy Ruttman
1%

Distribution des résultats

Percentile par nombre de réponses

% des personnes avec chaque résultat

Votre développement - résultats

Vous n’avez pas pris ce quiz depuis la dernière actualisation